00353nam a22001337a 4500003000400000020002000004082001900024100002500043245003900068260003900107300000800146650002300154653004200177SGT a978939503965997 a615.1072bR24V aVEINTRAMUTHU, SANKAR aREGULATORY AFFAIRS BASIC PROTOCOLS aHYDERABADbPHARMA MED PRESS c2024 a379 aREGULATORY AFFAIRS aREGULATORY, AFFAIRS, BASIC, PROTOCOLS